|
|
|
|
| LEADER |
00683cam a2200205 7i4500 |
| 001 |
0000000425 |
| 005 |
20120902090000.0 |
| 020 |
0 |
0 |
|a 0632034785
|
| 090 |
0 |
0 |
|a QH 352
|b .B4 1996
|
| 100 |
1 |
0 |
|a Begon, Michael
|
| 245 |
1 |
0 |
|a Population ecology :
|b a unified study of animals and plants
|c Michael Begon, Martin Mortimer, David J. Thompson.
|
| 250 |
0 |
0 |
|a 3rd ed.
|
| 260 |
0 |
0 |
|a Cambridge, Mass:
|b Blackwell Scienc,
|c 1996
|
| 300 |
# |
# |
|a 247 p.:
|b ill.;
|c 25 cm.
|
| 650 |
0 |
0 |
|a Population biology
|
| 650 |
0 |
0 |
|a Ecology
|
| 700 |
1 |
1 |
|a Thompson, David J.
|
| 700 |
1 |
1 |
|a Mortimer, Martin
|
| 999 |
|
|
|a 1000404516
|b Book
|c Open Shelf
|e KOLEKSI TERBUKA
|
| 999 |
|
|
|a 1100005974
|b Book
|c Open Shelf
|e KOLEKSI TERBUKA
|